000 01232nam a2200313 a 4500
001 ebr10504527
003 CaPaEBR
006 m u
007 cr cn|||||||||
008 111130s2007 enk s 001 0 eng d
020 _z9781845113926
020 _z9780857719805 (e-book)
040 _aCaPaEBR
_cCaPaEBR
035 _a(OCoLC)756484420
043 _aa-cy---
050 1 4 _aDS54.8
_b.C97 2007eb
245 0 4 _aThe Cyprus issue
_h[electronic resource] :
_ba documentary history, 1878-2007 /
_cedited by Murat Metin Hakki.
260 _aLondon :
_bI.B. Tauris,
_c2007.
300 _axii, 664 p.
500 _aIncludes index.
505 0 _apt. 1. Constitutional issues -- pt. 2. Cyprus-Europe relations (1983-2006).
533 _aElectronic reproduction.
_bPalo Alto, Calif. :
_cebrary,
_d2011.
_nAvailable via World Wide Web.
_nAccess may be limited to ebrary affiliated libraries.
651 0 _aCyprus
_xPolitics and government.
651 0 _aCyprus
_xInternational status.
655 7 _aElectronic books.
_2local
700 1 _aHakki, Murat Metin.
710 2 _aebrary, Inc.
856 4 0 _uhttp://site.ebrary.com/lib/rucke/Doc?id=10504527
_zAn electronic book accessible through the World Wide Web; click to view
999 _c221132
_d221132